Sports Quiz

Random Sports or NHL Quiz

Ten Best Colorado Avalanche Players in Franchise History Quiz Stats

Quiz not verified by Sporcle

Challenge
Share
Tweet
Embed
Score 0/10 Timer 04:00
0 Plays Today
Rank Player % Correct
1Joe Sakic
98.8%
2Patrick Roy
97.3%
3Peter Forsberg
97.3%
4Adam Foote
90.2%
5Milan Hejduk
81.6%
6Rob Blake
79.3%
7Ray Bourque
75.4%
8Alex Tanguay
62.9%
9Claude Lemieux
40.2%
10Uwe Krupp
24.6%

You're not logged in!

Compare scores with friends on all Sporcle quizzes.
Join for Free
OR
Log In

You Might Also Like...

Show Comments

Extras

Top Quizzes Today


Score Distribution

Your Account Isn't Verified!

In order to create a playlist on Sporcle, you need to verify the email address you used during registration. Go to your Sporcle Settings to finish the process.

Report this User

Report this user for behavior that violates our Community Guidelines.

Details: